000 00643 a2200169 4500
003 Nust
005 20230504125952.0
040 _cNust
082 _a973,ING
100 _a H.L .Ingle
245 _aAmerican History: A brief view through reconstruction /
_bH.L.Ingle
260 _aBoston
_b Little Brown Cop
_c1978
300 _axi,499 p
505 _aCivil War and Beyond (Page-247), The Gilded Age (Page-293), Progressivism Tinkering with Liberal Democracy (Page-345), The Search for Security the New Deal and War (Page-393), The Challenge of Liberation (Page-441).
650 _aAmerican History
_9109008
942 _2ddc
_cBK
_k973,ING
999 _c194305
_d194305